| 000 | 01270cam a2200325 i 4500 | ||
|---|---|---|---|
| 001 | vtls003257275 | ||
| 003 | MY-SjTCS | ||
| 005 | 20200226115939.0 | ||
| 008 | 140915s2013 nyuaf b 001 0 eng | ||
| 020 | _a9781250018281 (hardback) | ||
| 039 | 9 |
_a201809071354 _bVLOAD _c201409151309 _dshuhada _c201409151304 _dshuhada _c201409151301 _dshuhada _y201408181527 _zmalathy |
|
| 040 | _erda | ||
| 082 | 0 | 4 |
_a641.815 _bHER 2013 |
| 100 | 1 |
_aHertzberg, Jeff. _971205 |
|
| 240 | 1 | 0 | _aArtisan bread in five minutes a day |
| 245 | 1 | 4 |
_aThe new artisan bread in five minutes a day : _bthe discovery that revolutionizes home baking / _cJeff Hertzberg, M.D. and Zoë François ; photography by Stephen Scott Gross. |
| 250 | _aRevised editon. | ||
| 250 | _aFirst edition. | ||
| 264 | 1 |
_aNew York : _bThomas Dunne Books/St. Martin's Press, _c[2013] |
|
| 264 | 4 | _c©2013 | |
| 300 |
_axvi, 382 pages, 40 unnumbered pages of color plates : _billustrations ; _c24 cm |
||
| 336 |
_atext _2rdacontent |
||
| 337 |
_aunmediated _2rdamedia |
||
| 338 |
_avolume _2rdacarrier |
||
| 504 | _aIncludes bibliographical references (page 367) and index. | ||
| 650 | 0 |
_aBread. _915333 |
|
| 700 | 1 |
_aFrançois, Zoë. _971358 |
|
| 700 | 1 |
_aGross, Stephen Scott. _971381 |
|
| 920 | _aSHT : 213098 | ||
| 999 | _c156499 | ||